The Journal of Linguistics and Language Teaching

Saved in:
Bibliographic Details
Format: Serial
Language:Multiple languages
Published: Saarbrücken HTW Saar ̶ Hochschule für Technik und Wirtschaft des Saarlandes
Tags: Add Tag
No Tags, Be the first to tag this record!

MARC

LEADER 00000nls a2200000 4500
001 0304869
005 20260205134522.7
022 |a 2190-4677 
041 0 |a mul 
044 |a DE 
245 1 0 |a The Journal of Linguistics and Language Teaching 
264 1 |a Saarbrücken  |b HTW Saar ̶ Hochschule für Technik und Wirtschaft des Saarlandes